000 01445nam a2200373 a 4500
001 0000333
003 DO-SdBNP
005 20180312092444.0
007 0000333
008 091125s2000 dr a 000 0 spa d
020 _a8482612557
040 _aBPMSU
_bspa
_cBPMSU
092 _a372.832
_bD725c 3ro. 2000
100 1 _aDotel, Petronila
245 1 0 _aCívica 3 :
_beducación básica /
_cPetronila Dotel ; dirección editorial Obdulia García de Escobar ; ilustración Ruddy Núñez.
260 _aSanto Domingo :
_bSantillana,
_c2000.
300 _a55 p. :
_bil. ;
_c28 cm.
490 1 _aUmbral
500 _aEste libro ha sido realizado de conformidad con el currículum vigente y ha sido sometido a la aprobación de la SEEC.
505 0 _tProteger el ambiente --
_tNuestro territorio --
_tLos ayuntamientos --
_tEl gobierno y las leyes --
_tLa justicia --
_tDerechos de la población --
650 _aEDUCACIÓN CÍVICA
_xENSEÑANZA BÁSICA
650 4 _aEDUCACIÓN CÍVICA
_xEDUCACIÓN PRIMARIA
650 4 _aEDUCACIÓN PRIMARIA
_zREPÚBLICA DOMINICANA
650 _aEDUCACIÓN CÍVICA
_xLIBROS DE TEXTOS
650 _aEDUCACIÓN CÍVICA
_xESTUDIOS Y EJERCICIOS
650 _aCÍVICA
_xENSEÑANZA CORRECTIVA
700 1 2 _aGarcía Escobar, Obdulia de,
_eed.
700 1 2 _aNúñez, Ruddy
_eil.
830 0 _aUmbral
910 _a00144
942 _2ddc
_cBK
945 _ainventariado, 2018 / dg
956 _aYLOCKWARD
_b10
999 _c9921
_d9921